000 00304nam a22001337a 4500
008 170802b xxu||||| |||| 00| 0 eng d
020 _a0135422582
041 _aeng
080 _a004
100 _a32
101 _aSHK
245 _aMACHINES, LANGUAGES, AND COMPUTATION
_cDENNING,P.J
942 _2udc
_cBK
999 _c22558
_d22558